000
00278nam a2200109Ia 4500
005
20251222114340.0
008
251222s1900||||xx |||||||||||||| ||spa||
082
_a
DVD0120/A26/1990
245
0
_a
Beethoven concierto para violĂn en do mayor.
264
_b
Barthlome, R.
942
_c
DVD
999
_c
824
_d
824